| 000 | 00589cam a22002051 4500 | ||
|---|---|---|---|
| 001 | sa 67004129 | ||
| 003 | DLC | ||
| 005 | 20260227112344.0 | ||
| 008 | 830502s1967 ii c 000 0 eng | ||
| 010 | _asa 67004129 | ||
| 035 | _a(OCoLC)9469509 | ||
| 040 |
_aDLC _cScU _dDLC |
||
| 042 | _apremarc | ||
| 050 | 0 | 0 |
_aDS481.C415 _bA3 |
| 100 | 1 |
_aChatterji, Jogesh Chandra, _d1895- |
|
| 245 | 1 | 0 | _aIn search of freedom. |
| 250 | _a[1st ed. | ||
| 260 |
_aCalcutta, _bParesh Chandra Chatterjee]; distributor: Firma K. L. Mukhopadhyay, _c1967. |
||
| 300 |
_a598, lxxiii, [a]-cp. _bport. _c22 cm. |
||
| 999 |
_c74283 _d74283 |
||